| 000 | 00794cam a2200253 a 4500 | ||
|---|---|---|---|
| 001 | 1389987 | ||
| 003 | mk | ||
| 005 | 20250828140426.0 | ||
| 008 | 821102s1983 nyua b 001 0 eng | ||
| 010 | _a 82051314 | ||
| 020 | _a0879011947 | ||
| 040 |
_aDLC _cDLC _dDLC |
||
| 050 | 0 | 0 |
_aBF713 _b.B463 1983 |
| 082 | 0 | 0 |
_a155 _219 |
| 100 | 1 | _aBerger, Kathleen Stassen. | |
| 245 | 1 | 4 |
_aThe developing person through the life span / _cKathleen Stassen Berger ; [illustrator, Angie Lloyd]. |
| 260 |
_aNew York, N.Y. : _bWorth Publishers, _cc1983. |
||
| 300 |
_axvii, 686 p. : _bill. (some col.) ; _c28 cm. |
||
| 500 | _aIncludes indexes. | ||
| 504 | _aBibliography: p. 627-659. | ||
| 650 | 0 | _aDevelopmental psychology. | |
| 906 |
_a7 _bcbc _corignew _d3 _eocip _f19 _gy-gencatlg |
||
| 942 |
_2lcc _cBK _n0 |
||
| 999 |
_c7388 _d7388 |
||